[Event "SVK-chT2C 2425"]
[Site "Slovakia"]
[Date "2024.11.09"]
[Round "1.2"]
[White "Lukac, Roman"]
[Black "Lisko, Frantisek"]
[Result "0-1"]
[WhiteElo "2021"]
[BlackElo "2154"]
[PlyCount "75"]
[EventDate "2024.11.09"]
[EventType "team-tourn"]
[EventRounds "11"]
[EventCountry "SVK"]
[SourceTitle "CB51_2024"]
[SourceDate "2024.12.18"]
[SourceVersion "1"]
[SourceVersionDate "2024.12.18"]
[SourceQuality "1"]
[WhiteTeam "Banska Bystrica PSK"]
[BlackTeam "Dunajov Martin III"]
[WhiteTeamCountry "SVK"]
[BlackTeamCountry "SVK"]

1. e4 c5 2. Nf3 Nc6 3. d4 cxd4 4. Nxd4 e5 5. Nb5 d6 6. N1c3 a6 7. Na3 Be6 8. Nc4 Rc8 9. Ne3 Nf6 10. h3 g6 11. g4 Bg7 12. Bg2 0-0 13. 0-0 h5 14. Ncd5 hxg4 15. hxg4 Nh7 16. Qe1 Ng5 17. c3 Nb8 18. f3 Nd7 19. Qg3 Nc5 20. Rd1 Bh6 21. Bf1 b5 22. Rd2 Kg7 23. Rh2 Rh8 24. Bd2 Ncxe4 25. fxe4 Nxe4 26. Qe1 Bxd5 27. Nxd5 Nxd2 28. Rxd2 Bxd2 29. Qxd2 Qh4 30. Qg2 Qg5 31. Be2 Rh4 32. Rf1 Rch8 33. Qe4 f5 34. Qg2 fxg4 35. Bd1 Rh1+ 36. Qxh1 Rxh1+ 37. Kxh1 g3 38. Bf3 0-1

[Event "SVK-chT1E 2223"]
[Site "Slovakia"]
[Date "2024.03.09"]
[Round "10.5"]
[White "Hujo, Jozef"]
[Black "Lisko, Frantisek"]
[Result "1-0"]
[WhiteElo "1916"]
[BlackElo "2175"]
[PlyCount "69"]
[EventDate "2023.10.21"]
[EventType "team-tourn"]
[EventRounds "11"]
[EventCountry "SVK"]
[SourceTitle "EXT 2025"]
[Source "ChessBase"]
[SourceDate "2024.10.14"]
[SourceVersion "1"]
[SourceVersionDate "2024.10.14"]
[SourceQuality "1"]
[WhiteTeam "Michalovce Zemplin"]
[BlackTeam "Dunajov Martin"]
[WhiteTeamCountry "SVK"]
[BlackTeamCountry "SVK"]

1. d4 Nf6 2. Bf4 c6 3. c3 d5 4. Nf3 Nh5 5. Bg5 h6 6. Bh4 g5 7. Bg3 Nxg3 8. hxg3 Bg7 9. Qc2 Nd7 10. Nbd2 Nf6 11. Ne5 Be6 12. e3 Ng4 13. Nxg4 Bxg4 14. Bd3 Qd6 15. e4 f6 16. 0-0 h5 17. f4 0-0-0 18. exd5 cxd5 19. Rae1 Bh6 20. Bf5+ Kb8 21. Re6 Qc7 22. Rfe1 Rd7 23. Bxg4 hxg4 24. f5 Qxg3 25. Rxe7 Bf8 26. Re8+ Kc7 27. Nf1 Qf4 28. Qa4 Qd6 29. R1e6 Rdh7 30. Qa5+ b6 31. Qxa7+ Kc6 32. Rc8+ Rc7 33. Qa4+ b5 34. Qa6+ Kd7 35. Rxd6+ 1-0

[Event "SVK-chT2C 2324"]
[Site "Slovakia"]
[Date "2023.12.03"]
[Round "6.4"]
[White "Lisko, Frantisek"]
[Black "Milovnik, Juraj"]
[Result "1-0"]
[WhiteElo "2175"]
[BlackElo "1914"]
[PlyCount "38"]
[EventDate "2023.10.07"]
[EventType "team-tourn"]
[EventRounds "11"]
[EventCountry "SVK"]
[SourceTitle "EXT 2025"]
[Source "ChessBase"]
[SourceDate "2024.10.14"]
[SourceVersion "1"]
[SourceVersionDate "2024.10.14"]
[SourceQuality "1"]
[WhiteTeam "Zilina Mladost II"]
[BlackTeam "Zilina DMS"]
[WhiteTeamCountry "SVK"]
[BlackTeamCountry "SVK"]

1. d4 Nf6 2. c4 e6 3. Nc3 Bb4 4. Qc2 0-0 5. Nf3 c5 6. dxc5 Bxc5 7. a3 d5 8. Bg5 dxc4 9. e3 Be7 10. Bxc4 a6 11. Rd1 Qc7 12. Ba2 Rd8 13. 0-0 b5 14. Bb1 g6 15. Nd5 Qxc2 16. Nxe7+ Kf8 17. Rxd8+ Kxe7 18. Bxf6+ Kxf6 19. Bxc2 Bb7 1-0

[Event "SVK-chT1E 2223"]
[Site "Slovakia"]
[Date "2023.11.26"]
[Round "4.4"]
[White "Lisko, Frantisek"]
[Black "Nemergut, Patrik"]
[Result "0-1"]
[WhiteElo "2175"]
[BlackElo "1960"]
[PlyCount "68"]
[EventDate "2023.10.21"]
[EventType "team-tourn"]
[EventRounds "11"]
[EventCountry "SVK"]
[SourceTitle "EXT 2025"]
[Source "ChessBase"]
[SourceDate "2024.10.14"]
[SourceVersion "1"]
[SourceVersionDate "2024.10.14"]
[SourceQuality "1"]
[WhiteTeam "Dunajov Martin"]
[BlackTeam "Kezmarok KdV"]
[WhiteTeamCountry "SVK"]
[BlackTeamCountry "SVK"]

1. d4 d5 2. c4 e5 3. dxe5 Ne7 4. Nc3 d4 5. Nb5 Nbc6 6. Nf3 Ng6 7. Nbxd4 Bb4+ 8. Bd2 Ngxe5 9. Bxb4 Nxf3+ 10. gxf3 Nxb4 11. Qa4+ c6 12. Rd1 Qb6 13. a3 Na6 14. b4 0-0 15. c5 Qc7 16. e3 Nb8 17. h4 Nd7 18. h5 h6 19. Bd3 Nf6 20. Bb1 Re8 21. Qc2 Qe5 22. Ne2 a5 23. Kf1 axb4 24. axb4 Be6 25. Kg2 Ra3 26. Rd6 Nd5 27. Qd2 Rb3 28. f4 Qb2 29. Qxb2 Rxb2 30. Nd4 Nxe3+ 31. Kg3 Nc4 32. Rxe6 fxe6 33. Bg6 e5 34. Re1 exf4+ 0-1

[Event "SVK-chT1E 2223"]
[Site "Slovakia"]
[Date "2023.02.05"]
[Round "9.4"]
[White "Brnusak, Tomas"]
[Black "Lisko, Frantisek"]
[Result "1/2-1/2"]
[WhiteElo "2107"]
[BlackElo "2191"]
[PlyCount "86"]
[EventDate "2022.10.15"]
[EventType "team-tourn"]
[EventRounds "11"]
[EventCountry "SVK"]
[SourceTitle "EXT 2024"]
[Source "ChessBase"]
[SourceDate "2023.10.10"]
[SourceVersion "1"]
[SourceVersionDate "2023.10.10"]
[SourceQuality "1"]
[WhiteTeam "Liptov Chess School II"]
[BlackTeam "Dunajov Martin"]
[WhiteTeamCountry "SVK"]
[BlackTeamCountry "SVK"]

1. e4 c5 2. Nf3 Nc6 3. Bb5 g6 4. 0-0 Bg7 5. Re1 Nf6 6. e5 Nd5 7. Nc3 Nc7 8. Bxc6 dxc6 9. h3 Ne6 10. d3 h6 11. a4 a5 12. Ne4 b6 13. Be3 Nd4 14. Bf4 Be6 15. Nxd4 cxd4 16. Qd2 c5 17. c4 Qd7 18. Ra3 Kf8 19. Qe2 Kg8 20. Qf3 Kh7 21. Rb3 Ra6 22. Ra3 Rf8 23. Qg3 g5 24. Bd2 f5 25. exf6 exf6 26. Qd6 Re8 27. Qxd7 Bxd7 28. f4 f5 29. Ng3 Rxe1+ 30. Bxe1 Kg6 31. Bd2 Bf8 32. Kf2 Bd6 33. Ne2 Bc6 34. g3 Ra8 35. Ra1 Re8 36. b3 Kf6 37. Re1 Re7 38. Ng1 gxf4 39. Bxf4 Bxf4 40. gxf4 Rxe1 41. Kxe1 Kg6 42. Kf2 Kh5 43. Nf3 Bxf3 1/2-1/2

[Event "SVK-chT1E 2122"]
[Site "Slovakia"]
[Date "2022.02.27"]
[Round "5.4"]
[White "Pcola, Jaroslav1"]
[Black "Lisko, Frantisek"]
[Result "1/2-1/2"]
[WhiteElo "2029"]
[BlackElo "2199"]
[PlyCount "99"]
[EventDate "2022.01.29"]
[EventType "team-tourn"]
[EventRounds "11"]
[EventCountry "SVK"]
[SourceTitle "EXT 2023"]
[Source "ChessBase"]
[SourceDate "2022.10.05"]
[SourceVersion "1"]
[SourceVersionDate "2022.10.05"]
[SourceQuality "1"]
[WhiteTeam "Humenne Reinter II"]
[BlackTeam "Dunajov Inbest"]
[WhiteTeamCountry "SVK"]
[BlackTeamCountry "SVK"]

1. e4 c5 2. Nf3 e6 3. d4 cxd4 4. Nxd4 Nf6 5. Nc3 Nc6 6. Be2 Bb4 7. Nxc6 bxc6 8. Qd3 0-0 9. 0-0 d5 10. exd5 cxd5 11. a3 Be7 12. Bf4 Bb7 13. Qb5 Qc8 14. Rfd1 Nd7 15. Qd3 Nb6 16. Qh3 Bf6 17. Bd3 g6 18. Re1 Nc4 19. Bxc4 Qxc4 20. Be5 Bxe5 21. Rxe5 Qf4 22. Qg3 Qf6 23. Nb5 h5 24. Nd4 h4 25. Qg5 Qxg5 26. Rxg5 h3 27. gxh3 Kg7 28. f4 Rh8 29. Rg3 Rh4 30. Rf1 Rah8 31. Rff3 Kf6 32. b4 Rc8 33. Kf2 Rc4 34. c3 Bc6 35. Ke1 Rh8 36. Kd2 Ba4 37. Rd3 a6 38. Rde3 Bd7 39. Kc1 Rh4 40. Rgf3 Ba4 41. Rd3 Ke7 42. Kb2 Kd6 43. Rd2 Rc8 44. Rdd3 Bb5 45. Rde3 Ba4 46. Rd3 Rc7 47. Rf2 Rc8 48. Rff3 Rc7 49. Rf2 Rc8 50. Rff3 1/2-1/2

[Event "SVK-chT 1920"]
[Site "Slovakia"]
[Date "2019.11.23"]
[Round "3.6"]
[White "Lisko, Frantisek"]
[Black "Tropp, Lukas"]
[Result "1/2-1/2"]
[WhiteElo "2274"]
[BlackElo "2123"]
[PlyCount "55"]
[EventDate "2019.10.19"]
[EventType "team-tourn"]
[EventRounds "11"]
[EventCountry "SVK"]
[SourceTitle "CBM 194 Extra"]
[Source "ChessBase"]
[SourceDate "2020.03.31"]
[SourceVersion "1"]
[SourceVersionDate "2020.03.31"]
[SourceQuality "1"]
[WhiteTeam "Dunajov Inbest"]
[BlackTeam "Kosice Slavia UPJS"]
[WhiteTeamCountry "SVK"]
[BlackTeamCountry "SVK"]

1. d4 Nf6 2. c4 e6 3. Nc3 Bb4 4. Nf3 b6 5. Bd2 Bb7 6. e3 0-0 7. Bd3 d5 8. 0-0 dxc4 9. Bxc4 c5 10. dxc5 bxc5 11. Qc2 Nbd7 12. Rfd1 Nb6 13. Be2 Rc8 14. Be1 Qe7 15. Nd2 Nfd5 16. Nb3 Bxc3 17. bxc3 c4 18. Nd4 g6 19. a4 e5 20. Nf3 e4 21. Nd4 Nd7 22. a5 Ne5 23. Ra4 Nd3 24. Bg4 f5 25. Bh3 Ba6 26. g3 Qd7 27. Bd2 Rb8 28. Ra2 1/2-1/2

[Event "EU-Cup 35th"]
[Site "Ulcinj"]
[Date "2019.11.11"]
[Round "2.19"]
[White "Lisko, Frantisek"]
[Black "Menzies, Colin"]
[Result "1-0"]
[WhiteElo "2274"]
[BlackElo "2176"]
[PlyCount "77"]
[EventDate "2019.11.10"]
[EventType "team-swiss"]
[EventRounds "7"]
[EventCountry "MNE"]
[SourceTitle "CBM 193 Extra"]
[Source "ChessBase"]
[SourceDate "2020.01.31"]
[SourceVersion "1"]
[SourceVersionDate "2020.01.31"]
[SourceQuality "1"]
[WhiteTeam "Dunajov Inbest"]
[BlackTeam "Gonzaga"]
[WhiteTeamCountry "SVK"]
[BlackTeamCountry "IRL"]

1. d4 Nf6 2. c4 e6 3. Nc3 Bb4 4. g3 0-0 5. Bg2 d5 6. Nf3 Nbd7 7. 0-0 dxc4 8. Qa4 a5 9. Rd1 c6 10. Qc2 Qc7 11. Nd2 Bxc3 12. bxc3 b5 13. Ba3 Re8 14. e4 e5 15. d5 Nb6 16. Nf1 cxd5 17. exd5 e4 18. Ne3 Bb7 19. d6 Qc6 20. Rd4 Nbd7 21. Nf5 Kh8 22. Qd2 Re5 23. Ne7 Qa6 24. Bh3 Rh5 25. Bg2 Ne5 26. Re1 Nd3 27. Re2 Rd8 28. h3 Qb6 29. g4 Re5 30. Nf5 h6 31. d7 Qc6 32. Rd6 Qc7 33. Rxf6 e3 34. Rxe3 Rxd7 35. Rxe5 Qxe5 36. Rd6 Qe8 37. Rxd7 Qxd7 38. Bxb7 Qxb7 39. Bf8 1-0

[Event "EU-Cup 35th"]
[Site "Ulcinj"]
[Date "2019.11.10"]
[Round "1.12"]
[White "Lopez Martinez, Josep Manuel"]
[Black "Lisko, Frantisek"]
[Result "1-0"]
[WhiteElo "2567"]
[BlackElo "2274"]
[PlyCount "55"]
[EventDate "2019.11.10"]
[EventType "team-swiss"]
[EventRounds "7"]
[EventCountry "MNE"]
[SourceTitle "CBM 193 Extra"]
[Source "ChessBase"]
[SourceDate "2020.01.31"]
[SourceVersion "1"]
[SourceVersionDate "2020.01.31"]
[SourceQuality "1"]
[WhiteTeam "WorldtradingLab"]
[BlackTeam "Dunajov Inbest"]
[WhiteTeamCountry "ITA"]
[BlackTeamCountry "SVK"]

1. Nf3 d5 2. c4 d4 3. g3 Nc6 4. Bg2 e5 5. 0-0 Nf6 6. d3 h6 7. b4 e4 8. dxe4 Bxb4 9. Bb2 Bg4 10. h3 Bxf3 11. exf3 0-0 12. f4 Qd7 13. e5 Nh7 14. Qb3 Rab8 15. Rd1 Rfd8 16. g4 Nf8 17. Qg3 Ne6 18. f5 Nc5 19. Bd5 b5 20. Bxd4 Nxd4 21. Rxd4 bxc4 22. e6 Qe7 23. exf7+ Kf8 24. Nc3 c6 25. Bxc4 Nd7 26. Rad1 Nb6 27. Be6 Rxd4 28. Qxb8+ 1-0

[Event "SVK-chT1E 1819"]
[Site "Slovakia"]
[Date "2019.02.02"]
[Round "7.4"]
[White "Zatko, Gregor"]
[Black "Lisko, Frantisek"]
[Result "1-0"]
[WhiteElo "2150"]
[BlackElo "2274"]
[PlyCount "87"]
[EventDate "2018.10.27"]
[EventType "team-tourn"]
[EventRounds "11"]
[EventCountry "SVK"]
[SourceTitle "CBM 188 Extra"]
[Source "ChessBase"]
[SourceDate "2019.02.28"]
[SourceVersion "1"]
[SourceVersionDate "2019.02.28"]
[SourceQuality "1"]
[WhiteTeam "Banska Bystrica Junior"]
[BlackTeam "Dunajov Inbest II"]
[WhiteTeamCountry "SVK"]
[BlackTeamCountry "SVK"]

1. d4 Nf6 2. Bf4 e6 3. e3 c5 4. c3 Nc6 5. Nd2 Qb6 6. Nc4 Qd8 7. dxc5 Bxc5 8. Nd6+ Ke7 9. b4 Bb6 10. Nf3 h6 11. b5 Na5 12. Ne5 Rf8 13. Qd3 Bc5 14. Rd1 Nh5 15. Be2 Nxf4 16. exf4 Qc7 17. Nxc8+ Raxc8 18. Qxd7+ Qxd7 19. Rxd7+ Kf6 20. 0-0 g5 21. Ng4+ Kg7 22. fxg5 hxg5 23. Rfd1 Bb6 24. R1d3 Rc4 25. Rh3 Ra4 26. Rh5 Kg6 27. Rh6+ Kg7 28. Rh5 Bd8 29. h3 Rxa2 30. Bd3 Rh8 31. Rxh8 Kxh8 32. Rxd8+ Kg7 33. f4 gxf4 34. h4 f5 35. Rd7+ Kg6 36. Re7 Kh5 37. Ne5 Kxh4 38. Rxe6 Ra3 39. Rh6+ Kg5 40. Rg6+ Kh4 41. Bxf5 Rxc3 42. Bg4 f3 43. Bxf3 b6 44. g3+ 1-0